[Event "Torneo Aficionados Sub-2000 Utiel"]
[Site "Utiel, Spain"]
[Date "2018.08.26"]
[Round "8.3"]
[White "Perez Garcia, Juan Angel"]
[Black "Buenafe Moya, Jesus"]
[Result "0-1"]
[WhiteElo "1954"]
[BlackElo "1848"]
[PlyCount "56"]
[EventDate "2018.??.??"]

1. d4 {[%clk 00:07:01]  [%emt 00:00:05]} 1... d5 {
[%clk 00:07:03]  [%emt 00:00:08]} 2. Bf4 {[%clk 00:07:02]} 2... Nf6 {
[%clk 00:06:59]  [%emt 00:00:08]} 3. e3 {[%clk 00:07:02]  [%emt 00:00:04]} 3...
Bf5 {[%clk 00:06:51]  [%emt 00:00:11]} 4. c4 {[%clk 00:07:02]} 4... c6 {
[%clk 00:06:51]  [%emt 00:00:06]} 5. Nc3 {[%clk 00:06:58]  [%emt 00:00:06]}
5... e6 {[%clk 00:06:47]  [%emt 00:00:07]} 6. Nf3 {
[%clk 00:06:53]  [%emt 00:00:06]} 6... Bd6 {[%clk 00:06:41]  [%emt 00:00:08]}
7. Bg5 {[%clk 00:06:53]  [%emt 00:00:06]} 7... Nbd7 {
[%clk 00:06:30]  [%emt 00:00:12]} 8. Be2 {[%clk 00:06:14]  [%emt 00:00:43]}
8... h6 {[%clk 00:06:30]  [%emt 00:00:05]} 9. Bh4 {[%clk 00:06:15]} 9... dxc4 {
[%clk 00:06:13]  [%emt 00:00:19]} 10. Bxc4 {[%clk 00:06:12]  [%emt 00:00:12]}
10... Qa5 {[%clk 00:05:54]  [%emt 00:00:14]} 11. O-O {
[%clk 00:06:06]  [%emt 00:00:10]} 11... Ne4 {[%clk 00:05:47]  [%emt 00:00:09]}
12. Nxe4 {[%clk 00:05:46]  [%emt 00:00:29]} 12... Bxe4 {[%clk 00:05:48]} 13.
Nd2 {[%clk 00:05:38]  [%emt 00:00:09]} 13... Bd5 {
[%clk 00:05:13]  [%emt 00:00:37]} 14. Bd3 {[%clk 00:05:32]  [%emt 00:00:09]}
14... g5 {[%clk 00:04:09]  [%emt 00:01:12]} 15. Bg3 {
[%clk 00:05:04]  [%emt 00:00:31]} 15... Bxg3 {[%clk 00:04:07]  [%emt 00:00:05]}
16. fxg3 {[%clk 00:04:53]  [%emt 00:00:08]} 16... Qb6 {
[%clk 00:03:14]  [%emt 00:00:57]} 17. Kh1 {[%clk 00:04:46]  [%emt 00:00:11]}
17... c5 {[%clk 00:03:14]  [%emt 00:00:06]} 18. e4 {
[%clk 00:04:40]  [%emt 00:00:05]} 18... Bc6 {[%clk 00:03:08]  [%emt 00:00:10]}
19. Qh5 {[%clk 00:04:14]  [%emt 00:00:29]} 19... Rf8 {
[%clk 00:02:55]  [%emt 00:00:15]} 20. Nc4 {[%clk 00:04:10]  [%emt 00:00:08]}
20... Qc7 {[%clk 00:02:25]  [%emt 00:00:33]} 21. d5 {
[%clk 00:02:47]  [%emt 00:01:26]} 21... Bb5 {[%clk 00:01:08]  [%emt 00:01:20]}
22. dxe6 {[%clk 00:02:42]  [%emt 00:00:08]} 22... O-O-O {
[%clk 00:00:45]  [%emt 00:00:25]} 23. e7 {[%clk 00:02:34]  [%emt 00:00:12]}
23... Bxc4 {[%clk 00:00:22]  [%emt 00:00:25]} 24. exd8=Q+ {
[%clk 00:02:12]  [%emt 00:00:26]} 24... Qxd8 {[%clk 00:00:19]  [%emt 00:00:06]}
25. Bxc4 {[%clk 00:02:13]} 25... Ne5 {[%clk 00:00:18]  [%emt 00:00:09]} 26.
Bxf7 {[%clk 00:01:53]  [%emt 00:00:20]} 26... Qd3 {
[%clk 00:00:16]  [%emt 00:00:06]} 27. Bd5 {[%clk 00:01:43]  [%emt 00:00:11]}
27... Rxf1+ {[%clk 00:00:15]  [%emt 00:00:06]} 28. Rxf1 {[%emt 00:00:05]} 28...
Qxf1# 0-1

[Event "Torneo Aficionados Sub-2000 Utiel"]
[Site "Utiel, Spain"]
[Date "2018.08.26"]
[Round "8.4"]
[White "Martinez Escandell, Alfonso"]
[Black "Penarrubia Blasco, Jose Alfredo"]
[Result "0-1"]
[WhiteElo "1895"]
[BlackElo "1936"]
[PlyCount "74"]
[EventDate "2018.??.??"]

1. e4 {[%clk 00:07:05]} 1... e5 {[%clk 00:07:05]} 2. Nf3 {[%clk 00:07:07]} 2...
Nc6 {[%clk 00:07:07]} 3. Bb5 {[%clk 00:07:08]} 3... Bc5 {[%clk 00:07:08]} 4. c3
{[%clk 00:07:09]  [%emt 00:00:09]} 4... Qf6 {[%clk 00:07:10]} 5. O-O {
[%clk 00:07:09]} 5... h6 {[%clk 00:07:11]} 6. d3 {
[%clk 00:07:04]  [%emt 00:00:11]} 6... Nge7 {[%clk 00:07:12]} 7. Be3 {
[%clk 00:07:05]  [%emt 00:00:03]} 7... Bb6 {[%clk 00:07:14]} 8. d4 {
[%clk 00:06:52]  [%emt 00:00:16]} 8... exd4 {[%clk 00:07:14]  [%emt 00:00:03]}
9. cxd4 {[%clk 00:06:54]  [%emt 00:00:03]} 9... O-O {
[%clk 00:07:07]  [%emt 00:00:05]} 10. e5 {[%clk 00:06:54]  [%emt 00:00:36]}
10... Qf5 {[%clk 00:06:10]  [%emt 00:00:26]} 11. Nc3 {
[%clk 00:06:48]  [%emt 00:00:37]} 11... Qh5 {[%clk 00:05:15]  [%emt 00:00:30]}
12. Ne4 {[%clk 00:05:59]  [%emt 00:00:53]} 12... Nf5 {
[%clk 00:04:53]  [%emt 00:00:50]} 13. Ng3 {[%clk 00:05:28]  [%emt 00:00:09]}
13... Nxg3 {[%clk 00:04:45]  [%emt 00:00:14]} 14. hxg3 {
[%clk 00:05:29]  [%emt 00:00:04]} 14... d6 {[%clk 00:04:14]  [%emt 00:00:42]}
15. Be2 {[%clk 00:05:12]  [%emt 00:00:07]} 15... Bg4 {
[%clk 00:03:56]  [%emt 00:00:50]} 16. exd6 {[%clk 00:05:05]} 16... cxd6 {
[%clk 00:03:58]} 17. a3 {[%clk 00:04:12]  [%emt 00:00:38]} 17... Rfe8 {
[%clk 00:03:59]  [%emt 00:00:16]} 18. Re1 {[%clk 00:03:43]  [%emt 00:00:25]}
18... Re7 {[%clk 00:03:22]  [%emt 00:00:33]} 19. Rc1 {
[%clk 00:03:18]  [%emt 00:00:28]} 19... Rae8 {[%clk 00:03:19]  [%emt 00:00:34]}
20. Qd2 {[%clk 00:03:07]} 20... d5 {[%clk 00:02:37]  [%emt 00:00:30]} 21. b4 {
[%clk 00:03:08]  [%emt 00:00:33]} 21... a6 {[%clk 00:02:33]  [%emt 00:00:03]}
22. Qb2 {[%clk 00:03:04]} 22... Re4 {[%clk 00:02:25]} 23. b5 {
[%clk 00:02:37]  [%emt 00:00:22]} 23... axb5 {[%clk 00:01:53]  [%emt 00:00:34]}
24. Qxb5 {[%clk 00:02:38]  [%emt 00:00:11]} 24... Bxd4 {
[%clk 00:00:49]  [%emt 00:00:59]} 25. Nxd4 {[%clk 00:02:07]  [%emt 00:00:34]}
25... Nxd4 {[%clk 00:00:42]  [%emt 00:00:20]} 26. Bxg4 {[%clk 00:02:07]} 26...
Qxg4 {[%clk 00:00:33]  [%emt 00:00:13]} 27. Qxd5 {
[%clk 00:01:58]  [%emt 00:00:13]} 27... Ne2+ {[%clk 00:00:29]  [%emt 00:00:04]}
28. Rxe2 {[%clk 00:01:37]  [%emt 00:00:18]} 28... Qxe2 {
[%clk 00:00:30]  [%emt 00:00:12]} 29. Rf1 {[%clk 00:01:27]  [%emt 00:00:08]}
29... b5 {[%clk 00:00:28]  [%emt 00:00:09]} 30. Rb1 {
[%clk 00:01:09]  [%emt 00:00:13]} 30... Qc4 {[%clk 00:00:24]  [%emt 00:00:29]}
31. Qxb5 {[%clk 00:00:55]  [%emt 00:00:09]} 31... Qxb5 {[%clk 00:00:25]} 32.
Rxb5 {[%clk 00:00:56]} 32... Rc4 {[%clk 00:00:12]  [%emt 00:00:08]} 33. Rd5 {
[%clk 00:00:34]  [%emt 00:00:22]} 33... Ra8 {[%clk 00:00:12]  [%emt 00:01:05]}
34. Rd3 {[%clk 00:00:33]} 34... Ra5 {[%clk 00:00:10]} 35. Bd2 {[%clk 00:00:31]}
35... Re5 {[%clk 00:00:06]} 36. Bb4 {[%clk 00:00:33]} 36... Rc1+ {
[%clk 00:00:07]} 37. Kh2 {[%clk 00:00:29]} 37... Rh5# 0-1

[Event "Torneo Aficionados Sub-2000 Utiel"]
[Site "Utiel, Spain"]
[Date "2018.08.26"]
[Round "8.5"]
[White "Gadea Iafigliola, Gabriel Fernan"]
[Black "Perez Perez, Eugenio"]
[Result "1-0"]
[WhiteElo "1760"]
[BlackElo "1844"]
[PlyCount "112"]
[EventDate "2018.??.??"]

1. Nf3 {[%clk 00:07:03]} 1... b6 {[%clk 00:07:05]  [%emt 00:00:04]} 2. g3 {
[%clk 00:07:04]} 2... Bb7 {[%clk 00:07:07]} 3. Bg2 {[%clk 00:07:06]} 3... c5 {
[%clk 00:07:07]  [%emt 00:00:03]} 4. c4 {[%clk 00:07:05]  [%emt 00:00:03]} 4...
e6 {[%clk 00:07:08]  [%emt 00:00:03]} 5. O-O {[%clk 00:07:03]  [%emt 00:00:07]}
5... Nf6 {[%clk 00:07:09]} 6. d3 {[%clk 00:07:00]  [%emt 00:00:06]} 6... Be7 {
[%clk 00:07:11]  [%emt 00:00:04]} 7. b3 {[%clk 00:07:01]} 7... O-O {
[%clk 00:07:12]} 8. Bb2 {[%clk 00:07:03]  [%emt 00:00:03]} 8... d5 {
[%clk 00:07:13]} 9. cxd5 {[%clk 00:07:02]  [%emt 00:00:04]} 9... exd5 {
[%clk 00:07:14]  [%emt 00:00:03]} 10. Nbd2 {[%clk 00:07:02]} 10... Nbd7 {
[%clk 00:07:04]  [%emt 00:00:13]} 11. e3 {[%clk 00:06:51]  [%emt 00:00:12]}
11... Rc8 {[%clk 00:06:44]  [%emt 00:00:25]} 12. Rc1 {
[%clk 00:06:52]  [%emt 00:00:31]} 12... Bd6 {[%clk 00:06:28]  [%emt 00:00:03]}
13. Rc2 {[%clk 00:06:50]} 13... Qe7 {[%clk 00:06:25]  [%emt 00:00:07]} 14. Qa1
{[%clk 00:06:51]} 14... Rfe8 {[%clk 00:06:03]  [%emt 00:00:17]} 15. Rfc1 {
[%clk 00:06:48]  [%emt 00:00:37]} 15... Ba6 {[%clk 00:05:43]  [%emt 00:00:04]}
16. d4 {[%clk 00:06:32]  [%emt 00:00:07]} 16... Bd3 {
[%clk 00:05:24]  [%emt 00:00:23]} 17. Rc3 {[%clk 00:06:33]  [%emt 00:00:36]}
17... c4 {[%clk 00:05:12]} 18. bxc4 {[%clk 00:06:34]} 18... dxc4 {
[%clk 00:05:11]} 19. Nxc4 {[%clk 00:06:32]} 19... Bxc4 {
[%clk 00:05:11]  [%emt 00:00:04]} 20. Rxc4 {[%clk 00:06:35]} 20... Rxc4 {
[%clk 00:05:02]  [%emt 00:00:04]} 21. Rxc4 {[%clk 00:06:36]} 21... Ne4 {
[%clk 00:04:56]  [%emt 00:00:14]} 22. Qc1 {[%clk 00:06:29]  [%emt 00:00:04]}
22... Ndf6 {[%clk 00:04:22]  [%emt 00:00:45]} 23. Ne5 {
[%clk 00:06:23]  [%emt 00:00:05]} 23... Bxe5 {[%clk 00:04:03]  [%emt 00:01:00]}
24. dxe5 {[%clk 00:06:23]} 24... Nxg3 {[%clk 00:03:18]  [%emt 00:00:10]} 25.
hxg3 {[%clk 00:06:17]  [%emt 00:00:35]} 25... Ng4 {[%clk 00:03:15]} 26. Rc8 {
[%clk 00:06:02]  [%emt 00:00:03]} 26... h5 {[%clk 00:03:02]  [%emt 00:00:11]}
27. Ba3 {[%clk 00:05:42]  [%emt 00:00:23]} 27... Qd7 {
[%clk 00:02:55]  [%emt 00:00:13]} 28. Rxe8+ {[%clk 00:05:31]  [%emt 00:00:14]}
28... Qxe8 {[%clk 00:02:57]  [%emt 00:00:08]} 29. Bd6 {
[%clk 00:05:26]  [%emt 00:00:19]} 29... Qe6 {[%clk 00:02:44]  [%emt 00:00:04]}
30. Qc2 {[%clk 00:05:01]  [%emt 00:00:20]} 30... a5 {
[%clk 00:02:13]  [%emt 00:00:33]} 31. Qe4 {[%clk 00:04:51]  [%emt 00:00:12]}
31... Qxa2 {[%clk 00:02:04]  [%emt 00:00:13]} 32. Qf3 {
[%clk 00:04:27]  [%emt 00:00:28]} 32... Qb1+ {[%clk 00:01:59]  [%emt 00:00:11]}
33. Bf1 {[%clk 00:04:22]  [%emt 00:00:05]} 33... Qxf1+ {
[%clk 00:02:00]  [%emt 00:00:08]} 34. Kxf1 {[%clk 00:04:22]} 34... Nh2+ {
[%clk 00:02:02]} 35. Kg2 {[%clk 00:04:23]} 35... Nxf3 {[%clk 00:02:03]} 36.
Kxf3 {[%clk 00:04:25]  [%emt 00:00:09]} 36... g5 {[%clk 00:02:03]} 37. Bc7 {
[%clk 00:04:23]  [%emt 00:00:04]} 37... a4 {[%clk 00:02:01]  [%emt 00:00:05]}
38. Bxb6 {[%emt 00:00:04]} 38... a3 39. Bd4 {[%clk 00:04:24]  [%emt 00:00:03]}
39... Kf8 {[%clk 00:02:04]} 40. Kg2 {[%clk 00:04:15]  [%emt 00:00:13]} 40...
Ke7 {[%clk 00:02:06]} 41. f4 {[%clk 00:04:17]  [%emt 00:00:04]} 41... gxf4 {
[%clk 00:02:03]  [%emt 00:00:04]} 42. exf4 {[%clk 00:04:17]  [%emt 00:00:03]}
42... Ke6 {[%clk 00:02:05]} 43. Kf3 {[%clk 00:04:17]  [%emt 00:00:04]} 43...
Kf5 {[%clk 00:02:07]  [%emt 00:00:04]} 44. Ba1 {
[%clk 00:04:15]  [%emt 00:00:07]} 44... Ke6 {[%clk 00:01:55]  [%emt 00:00:08]}
45. g4 {[%clk 00:04:13]  [%emt 00:00:14]} 45... hxg4+ 46. Kxg4 Ke7 {
[%clk 00:01:38]  [%emt 00:00:10]} 47. Kf5 {[%clk 00:04:15]  [%emt 00:00:31]}
47... Ke8 {[%clk 00:01:38]} 48. Kf6 {[%clk 00:04:16]} 48... Kf8 {
[%clk 00:01:40]} 49. e6 {[%clk 00:04:14]  [%emt 00:00:03]} 49... fxe6 {
[%clk 00:01:36]} 50. Kxe6 {[%clk 00:04:16]} 50... Ke8 51. f5 Kf8 {
[%clk 00:01:34]} 52. f6 {[%clk 00:04:18]} 52... Ke8 {[%clk 00:01:35]} 53. f7+ {
[%clk 00:04:19]  [%emt 00:00:09]} 53... Kf8 {[%clk 00:01:37]} 54. Bg7+ {
[%clk 00:04:11]  [%emt 00:00:07]} 54... Kxg7 {[%clk 00:01:37]  [%emt 00:00:04]}
55. Ke7 {[%clk 00:04:14]} 55... a2 {[%clk 00:01:38]} 56. f8=Q+ {[%clk 00:04:14]
} 56... Kg6 1-0

[Event "Torneo Aficionados Sub-2000 Utiel"]
[Site "Utiel, Spain"]
[Date "2018.08.26"]
[Round "8.6"]
[White "Lluch Ventura, Enrique"]
[Black "Corrales Ucles, Eduardo"]
[Result "0-1"]
[WhiteElo "1719"]
[BlackElo "1936"]
[PlyCount "95"]
[EventDate "2018.??.??"]

1. d4 {[%clk 00:07:04]  [%emt 00:00:04]} 1... Nf6 {
[%clk 00:07:05]  [%emt 00:00:04]} 2. Bf4 {[%clk 00:07:05]} 2... g6 {
[%clk 00:07:07]} 3. e3 {[%clk 00:07:07]  [%emt 00:00:03]} 3... Bg7 {
[%clk 00:07:09]} 4. Nf3 {[%clk 00:07:09]} 4... O-O {
[%clk 00:07:10]  [%emt 00:00:07]} 5. Be2 {[%clk 00:07:10]} 5... d6 {
[%clk 00:07:11]} 6. h3 {[%clk 00:07:12]} 6... b6 {
[%clk 00:07:02]  [%emt 00:00:15]} 7. O-O {[%clk 00:07:12]} 7... Bb7 {
[%clk 00:07:04]} 8. Nbd2 {[%clk 00:07:04]  [%emt 00:00:09]} 8... Nbd7 {
[%clk 00:07:05]  [%emt 00:00:07]} 9. c3 {[%clk 00:06:45]  [%emt 00:00:17]} 9...
Re8 {[%clk 00:06:52]  [%emt 00:00:22]} 10. a4 {[%clk 00:06:27]  [%emt 00:00:15]
} 10... e5 {[%clk 00:06:36]  [%emt 00:00:21]} 11. dxe5 {
[%clk 00:06:23]  [%emt 00:00:05]} 11... Nxe5 {[%clk 00:06:36]  [%emt 00:00:15]}
12. Nxe5 {[%clk 00:06:00]  [%emt 00:00:14]} 12... dxe5 {
[%clk 00:06:37]  [%emt 00:00:09]} 13. Bh2 {[%clk 00:05:54]  [%emt 00:00:07]}
13... Qe7 {[%clk 00:06:32]  [%emt 00:00:04]} 14. Nc4 {
[%clk 00:05:27]  [%emt 00:00:28]} 14... Rad8 {[%clk 00:06:13]  [%emt 00:00:23]}
15. Qc2 {[%clk 00:05:14]  [%emt 00:00:35]} 15... Nd7 {[%clk 00:06:13]} 16. Rad1
{[%clk 00:05:03]  [%emt 00:00:13]} 16... Nc5 {[%clk 00:06:03]} 17. Rxd8 {
[%clk 00:04:12]  [%emt 00:00:52]} 17... Rxd8 {[%clk 00:06:04]  [%emt 00:00:42]}
18. Rd1 {[%clk 00:04:12]} 18... Be4 {[%clk 00:05:03]  [%emt 00:00:26]} 19.
Rxd8+ {[%clk 00:03:49]  [%emt 00:00:26]} 19... Qxd8 {
[%clk 00:05:05]  [%emt 00:00:21]} 20. Qd1 {[%clk 00:03:31]  [%emt 00:00:10]}
20... Qxd1+ {[%clk 00:04:21]  [%emt 00:00:39]} 21. Bxd1 {
[%clk 00:03:32]  [%emt 00:00:10]} 21... f6 {[%clk 00:04:18]  [%emt 00:00:07]}
22. Nd2 {[%clk 00:03:03]  [%emt 00:00:24]} 22... Bc6 {
[%clk 00:04:04]  [%emt 00:00:42]} 23. b3 {[%clk 00:02:39]  [%emt 00:00:04]}
23... Kf7 {[%clk 00:03:36]  [%emt 00:00:28]} 24. Bf3 {
[%clk 00:02:10]  [%emt 00:00:34]} 24... Bxf3 {[%clk 00:03:33]  [%emt 00:00:10]}
25. gxf3 {[%clk 00:02:12]} 25... Ke6 {[%clk 00:03:27]  [%emt 00:00:08]} 26. c4
{[%clk 00:02:04]  [%emt 00:00:12]} 26... Bf8 {[%clk 00:03:18]  [%emt 00:00:07]}
27. e4 {[%clk 00:01:48]  [%emt 00:00:30]} 27... Nd3 {
[%clk 00:03:10]  [%emt 00:00:03]} 28. Kf1 {[%clk 00:01:19]  [%emt 00:00:30]}
28... Bb4 {[%clk 00:03:09]  [%emt 00:00:05]} 29. Ke2 {
[%clk 00:01:06]  [%emt 00:00:16]} 29... Nc1+ {[%clk 00:03:05]  [%emt 00:00:28]}
30. Kd1 {[%clk 00:01:00]} 30... Bxd2 {[%clk 00:03:06]} 31. Kxd2 {
[%clk 00:01:00]} 31... Nxb3+ {[%clk 00:03:07]} 32. Ke3 {
[%clk 00:00:40]  [%emt 00:00:25]} 32... Nc5 {[%clk 00:03:03]  [%emt 00:00:04]}
33. f4 {[%clk 00:00:39]} 33... Nxa4 {[%clk 00:03:02]  [%emt 00:00:03]} 34. fxe5
{[%clk 00:00:40]  [%emt 00:00:04]} 34... fxe5 {[%clk 00:03:04]} 35. f4 {
[%clk 00:00:40]  [%emt 00:00:05]} 35... exf4+ {[%clk 00:02:58]  [%emt 00:00:09]
} 36. Bxf4 {[%clk 00:00:41]} 36... c6 {[%clk 00:02:59]} 37. Bb8 {
[%clk 00:00:34]  [%emt 00:00:08]} 37... a6 {[%clk 00:03:01]  [%emt 00:00:10]}
38. Ba7 {[%clk 00:00:30]  [%emt 00:00:04]} 38... b5 {
[%clk 00:02:59]  [%emt 00:00:17]} 39. cxb5 {[%clk 00:00:26]  [%emt 00:00:04]}
39... axb5 {[%clk 00:02:59]} 40. Kd4 {[%clk 00:00:24]} 40... c5+ {
[%clk 00:02:52]  [%emt 00:00:07]} 41. Kd3 {[%clk 00:00:15]  [%emt 00:00:11]}
41... c4+ {[%clk 00:02:45]  [%emt 00:00:10]} 42. Kc2 {
[%clk 00:00:17]  [%emt 00:00:03]} 42... Ke5 {[%clk 00:02:44]} 43. Be3 {
[%clk 00:00:10]  [%emt 00:00:08]} 43... Kxe4 {[%clk 00:02:44]  [%emt 00:00:20]}
44. Bc1 {[%clk 00:00:11]} 44... b4 {[%clk 00:02:42]  [%emt 00:00:07]} 45. Kd2 {
[%clk 00:00:11]} 45... Nc5 {[%clk 00:02:40]} 46. Kc2 {[%clk 00:00:09]} 46...
Nd3 {[%clk 00:02:37]  [%emt 00:00:09]} 47. Bg5 {
[%clk 00:00:09]  [%emt 00:00:03]} 47... b3+ {[%clk 00:02:36]} 48. Kc3 {
[%clk 00:00:10]  [%emt 00:00:04]} 0-1

[Event "Torneo Aficionados Sub-2000 Utiel"]
[Site "Utiel, Spain"]
[Date "2018.08.26"]
[Round "9.1"]
[White "Penarrubia Blasco, Jose Alfredo"]
[Black "Carbonell Sancho, Marc"]
[Result "0-1"]
[WhiteElo "1936"]
[BlackElo "1981"]
[PlyCount "116"]
[EventDate "2018.??.??"]

1. e4 {[%clk 00:07:05]} 1... c5 {[%clk 00:07:05]} 2. Nf3 {[%clk 00:07:06]} 2...
Nc6 {[%clk 00:07:07]} 3. Nc3 {[%clk 00:07:08]} 3... g6 {[%clk 00:07:09]} 4. Bc4
{[%clk 00:07:10]} 4... Bg7 {[%clk 00:07:11]} 5. d3 {
[%clk 00:07:12]  [%emt 00:00:03]} 5... e6 {[%clk 00:07:13]} 6. h3 {
[%clk 00:07:13]} 6... Nge7 {[%clk 00:07:14]} 7. O-O {[%clk 00:07:14]} 7... O-O
{[%clk 00:07:15]} 8. Bg5 {[%clk 00:07:13]  [%emt 00:00:06]} 8... h6 {
[%clk 00:07:16]  [%emt 00:00:19]} 9. Bh4 {[%clk 00:07:15]} 9... b6 {
[%clk 00:07:16]} 10. Nh2 {[%clk 00:07:04]} 10... g5 {
[%clk 00:07:07]  [%emt 00:00:08]} 11. Bg3 {[%clk 00:07:06]} 11... Ng6 {
[%clk 00:07:09]} 12. f4 {[%clk 00:06:40]  [%emt 00:00:24]} 12... Na5 {
[%clk 00:05:41]  [%emt 00:01:32]} 13. Bb3 {[%clk 00:06:28]  [%emt 00:00:30]}
13... Nxb3 {[%clk 00:05:42]} 14. axb3 {[%clk 00:06:30]} 14... gxf4 {
[%clk 00:05:07]  [%emt 00:00:26]} 15. Bxf4 {[%clk 00:06:25]  [%emt 00:00:12]}
15... d6 {[%clk 00:05:06]  [%emt 00:00:08]} 16. Qh5 {
[%clk 00:05:50]  [%emt 00:00:28]} 16... Nxf4 {[%clk 00:04:57]  [%emt 00:00:40]}
17. Rxf4 {[%clk 00:05:50]} 17... Qg5 {[%clk 00:04:08]  [%emt 00:00:28]} 18. Qg4
{[%clk 00:05:08]  [%emt 00:01:28]} 18... Be5 {[%clk 00:02:59]  [%emt 00:00:29]}
19. Qxg5+ {[%clk 00:04:44]  [%emt 00:00:41]} 19... hxg5 {
[%clk 00:03:01]  [%emt 00:00:06]} 20. Rg4 {[%clk 00:04:18]  [%emt 00:00:26]}
20... Bf4 {[%clk 00:02:42]  [%emt 00:00:14]} 21. Nf3 {
[%clk 00:02:48]  [%emt 00:01:24]} 21... f5 {[%clk 00:02:43]  [%emt 00:00:41]}
22. Rxg5+ {[%clk 00:02:37]} 22... Bxg5 {[%clk 00:02:43]} 23. Nxg5 {
[%clk 00:02:38]} 23... Kg7 {[%clk 00:02:42]} 24. exf5 {[%clk 00:02:32]} 24...
Rxf5 {[%clk 00:02:43]  [%emt 00:00:04]} 25. Nf3 {
[%clk 00:02:28]  [%emt 00:00:03]} 25... Bb7 {[%clk 00:02:45]} 26. Nh4 {
[%clk 00:02:19]  [%emt 00:00:09]} 26... Rf4 {[%clk 00:02:47]  [%emt 00:00:10]}
27. g3 {[%clk 00:02:18]  [%emt 00:00:03]} 27... Rf6 {[%clk 00:02:45]} 28. Nb5 {
[%clk 00:02:13]  [%emt 00:00:09]} 28... e5 {[%clk 00:02:21]  [%emt 00:00:24]}
29. g4 {[%clk 00:02:00]  [%emt 00:00:16]} 29... Bc8 {
[%clk 00:01:55]  [%emt 00:00:28]} 30. Rxa7+ {[%clk 00:01:43]  [%emt 00:00:26]}
30... Rxa7 {[%clk 00:01:57]} 31. Nxa7 {[%clk 00:01:45]} 31... Bd7 {
[%clk 00:01:59]} 32. c4 {[%clk 00:01:30]  [%emt 00:00:15]} 32... Rh6 {
[%clk 00:02:00]  [%emt 00:00:37]} 33. Nf5+ {[%clk 00:01:18]  [%emt 00:00:03]}
33... Bxf5 {[%clk 00:02:02]} 34. gxf5 {[%clk 00:01:20]} 34... Rxh3 {
[%clk 00:01:57]} 35. Nc8 {[%clk 00:01:21]} 35... Rxd3 {[%clk 00:01:56]} 36.
Nxb6 {[%clk 00:01:05]  [%emt 00:00:21]} 36... Rxb3 {[%clk 00:01:57]} 37. Nc8 {
[%clk 00:01:07]} 37... Rd3 {[%clk 00:01:53]  [%emt 00:00:04]} 38. Kf2 {
[%clk 00:01:04]  [%emt 00:00:07]} 38... Kf6 {[%clk 00:01:55]} 39. Ke2 {
[%clk 00:01:02]  [%emt 00:00:08]} 39... Rd4 {[%clk 00:01:57]} 40. b3 {
[%clk 00:00:59]  [%emt 00:00:04]} 40... Kxf5 {[%clk 00:01:58]  [%emt 00:00:06]}
41. Ne7+ {[%clk 00:00:57]  [%emt 00:00:04]} 41... Ke6 {[%clk 00:02:01]} 42. Nc6
{[%clk 00:00:56]  [%emt 00:00:07]} 42... Rh4 {[%clk 00:02:02]} 43. Kd2 {
[%clk 00:00:55]  [%emt 00:00:04]} 43... Rh3 {[%clk 00:02:03]} 44. Kc2 {
[%clk 00:00:56]} 44... d5 {[%clk 00:01:55]  [%emt 00:00:11]} 45. cxd5+ {
[%clk 00:00:57]  [%emt 00:00:04]} 45... Kxd5 {[%clk 00:01:58]} 46. Ne7+ {
[%clk 00:00:56]} 46... Ke4 {[%clk 00:01:58]  [%emt 00:00:04]} 47. Ng8 {
[%clk 00:00:50]  [%emt 00:00:10]} 47... Kd4 {[%clk 00:02:00]  [%emt 00:00:03]}
48. Nf6 {[%clk 00:00:47]  [%emt 00:00:07]} 48... Rh2+ {
[%clk 00:02:01]  [%emt 00:00:17]} 49. Kd1 {[%clk 00:00:45]} 49... Kd3 {
[%clk 00:02:01]  [%emt 00:00:04]} 50. Ke1 {[%clk 00:00:45]} 50... e4 {
[%clk 00:01:59]} 51. Nd7 {[%clk 00:00:46]} 51... Kd4 {
[%clk 00:01:55]  [%emt 00:00:04]} 52. Nf6 {[%clk 00:00:44]  [%emt 00:00:04]}
52... Rb2 {[%clk 00:01:56]  [%emt 00:00:04]} 53. Ng4 {
[%clk 00:00:43]  [%emt 00:00:04]} 53... Rxb3 {[%clk 00:01:57]} 54. Kd2 {
[%clk 00:00:45]} 54... Rb2+ {[%clk 00:01:59]  [%emt 00:00:03]} 55. Kc1 {
[%clk 00:00:48]} 55... Rg2 {[%clk 00:02:01]} 56. Nf6 {[%clk 00:00:50]} 56... e3
{[%clk 00:02:03]  [%emt 00:00:03]} 57. Kd1 {[%clk 00:00:50]} 57... Kd3 {
[%clk 00:02:04]  [%emt 00:00:07]} 58. Kc1 {[%clk 00:00:49]  [%emt 00:00:03]}
58... e2 {[%clk 00:02:05]} 0-1